| 000 | 00905nam a2200277 i 4500 | ||
|---|---|---|---|
| 001 | bg | ||
| 100 | 1 | _aSZYMURA, Jacek A. | |
| 245 | 1 | 0 |
_aAnaliza jakościowa anionów i kationów w chemii nieorganicznej / _cJacek A. Szymura, Romuald Gogolin, Jan Lamkiewicz. |
| 260 |
_aBydgoszcz : _bWydawnictwa Uczelniane Akademii Techniczno-Rolniczej, _ccop. 2005. |
||
| 300 |
_a169, [1] s., [1] k. tabl. złoż. kolor. : _brys. ; _c24 cm. |
||
| 504 | _aBibliogr. s. 162. | ||
| 650 | 9 | _aChemia analityczna jakościowa | |
| 650 | 9 | _aChemia nieorganiczna | |
| 650 | 9 |
_aJony _xchemia |
|
| 655 | _aPodręczniki akademickie | ||
| 700 | 1 | _aGOGOLIN, Romuald | |
| 700 | 1 | _aLAMKIEWICZ, Jan | |
| 015 | _aPB 16800/2005 | ||
| 020 | _a838933402X | ||
| 040 | _cBPK | ||
| 041 | _apol | ||
| 080 | _a543.061:546:544.112](075.8) | ||
| 920 | _a83-89334-02-X | ||
| 942 | _cKS | ||
| 008 | s pl f |000 0 pol | ||
| 999 |
_c51551 _d51551 |
||
| 856 |
_uhttp://koha.tu.koszalin.pl/cgi-bin/koha/opac-detail.pl?biblionumber=51551 _yKatalog online BPK |
||